UK GAAP : (Record no. 150654)

MARC details
000 -LEADER
fixed length control field 00924cam a2200301 a 4500
008 - FIXED-LENGTH DATA ELEMENTS--GENERAL INFORMATION
fixed length control field
020 ## - INTERNATIONAL STANDARD BOOK NUMBER
International Standard Book Number 0333616197(hbk. )
049 ## - LOCAL HOLDINGS (OCLC)
Holding library MAIN
090 ## - LOCALLY ASSIGNED LC-TYPE CALL NUMBER (OCLC); LOCAL CALL NUMBER (RLIN)
Classification number (OCLC) (R) ; Classification number, CALL (RLIN) (NR) HF5616.G7
Local cutter number (OCLC) ; Book number/undivided call number, CALL (RLIN) DAV
003 - CONTROL NUMBER IDENTIFIER
control field
005 - DATE AND TIME OF LATEST TRANSACTION
control field 20230123133545.0
040 ## - CATALOGING SOURCE
Transcribing agency NUST
100 1# - MAIN ENTRY--PERSONAL NAME
Personal name Davies, Mike.
245 10 - TITLE STATEMENT
Title UK GAAP :
Remainder of title generally accepted accounting practice in the United Kingdom /
Statement of responsibility, etc. Mike Davies, Ron Paterson and Allister Wilson.
250 ## - EDITION STATEMENT
Edition statement 4th ed.
260 ## - PUBLICATION, DISTRIBUTION, ETC.
Place of publication, distribution, etc. England :
Name of publisher, distributor, etc. Macmillan,
Date of publication, distribution, etc. 1994.
300 ## - PHYSICAL DESCRIPTION
Extent xlv, 1610 p. :
Other physical details ill. ;
Dimensions 26 cm.
504 ## - BIBLIOGRAPHY, ETC. NOTE
Bibliography, etc. note Includes bibliographical references.
500 ## - GENERAL NOTE
General note Includes index.
650 #0 - SUBJECT ADDED ENTRY--TOPICAL TERM
Topical term or geographic name entry element Accounting
General subdivision Standards
Geographic subdivision Great Britain.
653 0# - INDEX TERM--UNCONTROLLED
Uncontrolled term Accountancy
653 0# - INDEX TERM--UNCONTROLLED
Uncontrolled term Great Britain
700 1# - ADDED ENTRY--PERSONAL NAME
Personal name Paterson, Ron.
700 1# - ADDED ENTRY--PERSONAL NAME
Personal name Wilson, Allister.
710 2# - ADDED ENTRY--CORPORATE NAME
Corporate name or jurisdiction name as entry element Ernst & Young.
907 ## - LOCAL DATA ELEMENT G, LDG (RLIN)
a .b1003853x
b 04-03-09
c 17-04-03
942 ## - ADDED ENTRY ELEMENTS (KOHA)
Koha item type Ordinary Loan Books
Call number prefix HF5616.G7
Call number suffix DAV
Holdings
Date last seen Total Checkouts Full call number Barcode Cost, replacement price Price effective from Koha item type Lost status Source of classification or shelving scheme Damaged status Not for loan Collection Withdrawn status Home library Current library Shelving location Date acquired Cost, normal purchase price
01/23/2023 22 HF5616.G7 DAV 92003004955 80.00 01/23/2023 BOOKS   LCC     NFIC   MAIN MAIN GEN 01/23/2023 80.00